Countries By Capital - Statistics

General Stats
  • This quiz has been taken 19 times
  • The average score is 127 of 197
Answer Stats
Hint Answer % Correct
Abu Dhabi United Arab Emirates
100%
Algiers Algeria
93%
Andorra la Vella Andorra
93%
Buenos Aires Argentina
93%
Canberra Australia
93%
Brussels Belgium
93%
Brasília Brazil
93%
Cairo Egypt
93%
Berlin Germany
93%
Athens Greece
93%
Bissau Guinea-Bissau
93%
Amsterdam Netherlands
93%
Beijing People's Republic of China
93%
Bangkok Thailand
93%
Ankara Türkiye
93%
Dhaka Bangladesh
87%
Bogotá Colombia
87%
Copenhagen Denmark
87%
Djibouti Djibouti
87%
Budapest Hungary
87%
Baghdad Iraq
87%
Dublin Ireland
87%
Bucharest Romania
87%
Bern Switzerland
87%
Sofia Bulgaria
80%
Ottawa Canada
80%
Santiago Chile
80%
Havana Cuba
80%
San Salvador El Salvador
80%
Paris France
80%
Guatemala City Guatemala
80%
Reykjavik Iceland
80%
New Delhi India
80%
Jakarta Indonesia
80%
Jerusalem Israel
80%
Rome Italy
80%
Tokyo Japan
80%
Kuwait City Kuwait
80%
Luxembourg Luxembourg
80%
Mexico City Mexico
80%
Monaco Monaco
80%
Panama City Panama
80%
Lima Peru
80%
Manila Philippines
80%
Lisbon Portugal
80%
Doha Qatar
80%
Moscow Russia
80%
San Marino San Marino
80%
São Tomé São Tomé and Príncipe
80%
Singapore Singapore
80%
Seoul South Korea
80%
Madrid Spain
80%
Stockholm Sweden
80%
Damascus Syria
80%
Kyiv Ukraine
80%
London United Kingdom
80%
Vatican City Vatican City
80%
Caracas Venezuela
80%
Kabul Afghanistan
73%
Minsk Belarus
73%
San José Costa Rica
73%
Zagreb Croatia
73%
Prague Czechia
73%
Santo Domingo Dominican Republic
73%
Helsinki Finland
73%
Tbilisi Georgia
73%
Nairobi Kenya
73%
Beirut Lebanon
73%
Kathmandu Nepal
73%
Pyongyang North Korea
73%
Oslo Norway
73%
Islamabad Pakistan
73%
Asunción Paraguay
73%
Warsaw Poland
73%
Belgrade Serbia
73%
Bratislava Slovakia
73%
Washington D.C. United States
73%
Montevideo Uruguay
73%
Hanoi Vietnam
73%
Tirana Albania
67%
Vienna Austria
67%
Baku Azerbaijan
67%
Nassau Bahamas
67%
Bridgetown Barbados
67%
La Paz Bolivia
67%
Sarajevo Bosnia and Herzegovina
67%
Quito Ecuador
67%
Tallinn Estonia
67%
Addis Ababa Ethiopia
67%
Accra Ghana
67%
Port-au-Prince Haiti
67%
Tegucigalpa Honduras
67%
Tehran Iran
67%
Kingston Jamaica
67%
Amman Jordan
67%
Tripoli Libya
67%
Antananarivo Madagascar
67%
Chisinau Moldova
67%
Wellington New Zealand
67%
Managua Nicaragua
67%
Abuja Nigeria
67%
Muscat Oman
67%
Taipei Republic of China (Taiwan)
67%
Riyadh Saudi Arabia
67%
Dakar Senegal
67%
Freetown Sierra Leone
67%
Ljubljana Slovenia
67%
Sri Jayawardenepura Kotte Sri Lanka
67%
Tunis Tunisia
67%
Belmopan Belize
60%
Bandar Seri Begawan Brunei
60%
Ouagadougou Burkina Faso
60%
Nicosia Cyprus
60%
Kinshasa Democratic Republic of the Congo
60%
Astana Kazakhstan
60%
Riga Latvia
60%
Vaduz Liechtenstein
60%
Vilnius Lithuania
60%
Kuala Lumpur Malaysia
60%
Valletta Malta
60%
Ulaanbaatar Mongolia
60%
Rabat Morocco
60%
Brazzaville Republic of the Congo
60%
Pretoria South Africa
60%
Juba South Sudan
60%
Khartoum Sudan
60%
Ashgabat Turkmenistan
60%
Sanaá Yemen
60%
Luanda Angola
53%
Thimphu Bhutan
53%
Praia Cabo Verde
53%
Phnom Penh Cambodia
53%
Bangui Central African Republic
53%
N'Djamena Chad
53%
Asmara Eritrea
53%
Georgetown Guyana
53%
Pristina Kosovo
53%
Monrovia Liberia
53%
Podgorica Montenegro
53%
Skopje North Macedonia
53%
Basseterre Saint Kitts and Nevis
53%
Castries Saint Lucia
53%
Apia Samoa
53%
Mogadishu Somalia
53%
Paramaribo Suriname
53%
Dushanbe Tajikistan
53%
Dodoma Tanzania
53%
Port of Spain Trinidad and Tobago
53%
Harare Zimbabwe
53%
Yerevan Armenia
47%
Manama Bahrain
47%
Porto-Novo Benin
47%
Gaborone Botswana
47%
Yamoussoukro Côte d'Ivoire
47%
Suva Fiji
47%
Libreville Gabon
47%
Conakry Guinea
47%
Lilongwe Malawi
47%
Malé Maldives
47%
Bamako Mali
47%
Naypyidaw Myanmar
47%
Windhoek Namibia
47%
Niamey Niger
47%
Port Moresby Papua New Guinea
47%
Kigali Rwanda
47%
Victoria Seychelles
47%
Banjul The Gambia
47%
Dili Timor Leste
47%
Funafuti Tuvalu
47%
Kampala Uganda
47%
Tashkent Uzbekistan
47%
St. John's Antigua and Barbuda
40%
Gitega Burundi
40%
Yaoundé Cameroon
40%
Roseau Dominica
40%
Mbabane Eswatini
40%
St. George's Grenada
40%
Bishkek Kyrgyzstan
40%
Vientiane Laos
40%
Majuro Marshall Islands
40%
Nouakchott Mauritania
40%
Maputo Mozambique
40%
Yaren Nauru
40%
Ramallah Palestine
40%
Kingstown Saint Vincent and the Grenadines
40%
Honiara Solomon Islands
40%
Lomé Togo
40%
Lusaka Zambia
40%
Malabo Equatorial Guinea
33%
Palikir Federated States of Micronesia
33%
Tarawa Kiribati
33%
Maseru Lesotho
33%
Port Louis Mauritius
33%
Ngerulmud Palau
33%
Nuku'alofa Tonga
33%
Port Vila Vanuatu
33%
Moroni Comoros
20%
No matching quizzes found
Score Distribution
Percent of People with Each Score
Percentile by Number Answered
Your Score History
You have not taken this quiz